Normal view
MARC view
Entry Personal Name
001 - CONTROL NUMBER
- control field: 1235073
003 - CONTROL NUMBER IDENTIFIER
- control field: OSt
005 - DATE AND TIME OF LATEST TRANSACTION
- control field: 20260417170943.0
008 - FIXED-LENGTH DATA ELEMENTS
- fixed length control field: 260417|| aca||aabn | a|a d
040 ## - CATALOGING SOURCE
- Original cataloging agency: OSt
- Transcribing agency: OSt
100 ## - HEADING--PERSONAL NAME
- Personal name: शर्मा, मीनाक्षी (खण्ड 4, 5, 7, 17, 18
670 ## - SOURCE DATA FOUND
- Source citation: Work cat.: (OSt)1848311: सनातन ज्ञान:, 2025.
